000 00401nam a2200157 i 4500
001 124328
003 ES-MaACL
005 20230906192354.0
007 t|
008 070529s1906 fr ||||1| fre d
100 1 _aSangnier, Marc.
_9103140
245 1 2 _aL'esprit démocratique /
_cMarc Sangnier.
260 _aParis :
_bPerrin,
_c1906.
300 _a290 p. ;
_c19 cm.
852 _aES-MaACL
_jF-7944
999 _c124328
_d124328